000 00578nam a2200157Ia 4500
001 IA_3607,03/08/2007,03/08/2007,0000001999 mx 0000000000spa00,"
008 220117s xx 000 0 und d
010 _a182878
082 _a338.19 F67
111 _aForos de seguridad y soberania alimentaria
_9154997
245 _aMemoria /
_cOrganizada por Inocencio Higuera Ciapara y Alfonso Larque Saavedra
260 _aMéxico :
_bAcademia Mexicana de Ciencias,
300 _a382 p.
500 _aC/e
650 _aAlimentos
_xAbastecimiento
_xMéxico
_94132
999 _c182878
_d182878